Responses for show #4665 - Friday, December 10, 2004

Contestants

Colette Moran, a stay-at-home mom from Chicago, Illinois

Robert Bowsher, a software engineer from Hilliard, Ohio

Tom McCudden, a law student from Durham, North Carolina (whose 1-day cash winnings total $40,600)

Jeopardy! Round responses

THE U.S. CONSTITUTION
2 CAN PLAY THAT GAME
MAGAZINES
IT'S THEIR FAULT
STAY ON THE GRASS
RHYME TIME FOOD
    $200 1
slavery

Colette
    $200 16
checkers

Tom
    $200 21
Popular Mechanics

Tom
    $200 6
(Robert: What is Japan?)

China

TomRobert
    $200 11
a walk

Tom
    $200 26
jumbo gumbo

Tom
    $400 2
(Robert: What is the preamble?)

the 1st Amendment

TomRobert
    $400 17
ping pong

Robert
    $400 22
Life

Tom
    $400 7
Indonesia

Tom
    $400 12
rye

Robert
    $400 27
wavy gravy

Triple Stumper
    $600 3
a religious test

Tom
    $600 18
snooker

Robert
    $600 23
Reader's Digest

Tom
    $600 8
Italy

Tom
    $600 13
croquet

Robert
    $600 28
ground round

Tom
    $800 4
war

Robert
    $800 19
backgammon

Robert
    $800 24
Amazing Stories

Tom
    $800 9
New Zealand

Tom
    $800 14
the steppe

Tom
    $800 29
(Tom: What is a horde of gourds?)
[Ruled incorrect because the pluralization of only one of the words disturbs the rhyme]

a gourd horde

TomColette
    $1000 5
the census

Tom
    $1000 20
dominoes

Tom
    $1000 25
The Atlantic Monthly

Robert
    $4,000 10
(Tom: Let's make it a True Daily Double.)
(Alex: You like saying that, don't you?)

Turkey

Tom
    $1000 15
lawn darts

Robert
    $1000 30
a big fig

Robert

Scores at the first commercial break (after clue 15):

Tom Robert Colette
$9,000 $2,200 $200

Scores at the end of the Jeopardy! Round:

Tom Robert Colette
$12,200 $6,000 $1,000

Double Jeopardy! Round responses

MANHATTAN NEIGHBORHOODS
SPANISH CLASS
LITERARY BEFORE & AFTER
GET YOUR GOAT
LEGAL BRIEFS
I PREDICT "SNOW"
    $400 8
the Upper West Side

Tom
    $400 10
Switzerland

Robert
    $400 23
All The President's Men In Black

Tom
    $400 15
capricorn

Robert
    $400 2
Chief Justice

Tom
    $400 1
Snow White

Tom
    $800 9
(Tom: What is Tin Pan Alley?)

the Lower East Side

Tom
Triple Stumper
    $800 11
wool

Tom
    $800 24
(Robert: [*].)
(Alex: No. Colette.)
(Colette: What is [*]?)
(Alex: Yes, Robert, in the Double Jeopardy! round, you know, you have to come up with the correct phrasing.)

The Autobiography of Malcolm X Marks The Spot

RobertColette
    $800 16
(Colette: What is their web?)


Silk

TomColette
    $800 3
Cross-eXamine

Tom
    $800 7
(Colette: What is a snow rabbit?)

a snowman

Colette
Triple Stumper
    $1200 28
Little Italy

Robert
    $1200 12
sin

Tom
    $1,000 25
(Colette: No. I don't know.)

Slaughterhouse-Five Easy Pieces

Colette
    $1200 17
The Sound of Music

Robert
    $7,000 4
(Tom: What is LLC?)

LTD

Tom
    $1200 20
The Snows of Kilimanjaro

Colette
    $1600 29
Tribeca

Robert
    $1600 13
(Tom: What is angel?)

sky

Tom
Triple Stumper
    $1600 26
(Tom: What is the [*]?)

Invisible Man of La Mancha

Tom
    $1600 18
pygmy goat

Triple Stumper
    $1600 5
personal injury

Tom
    $1600 21
Smilla's Sense of Snow

Tom
    $2000 30
Midtown

Robert
    $2000 14
beans

Tom
    $2000 27
Nick and Nora Charles Dickens

Robert
    $2000 19
(Tom: What is a mountain goat?)
(Alex: More specific.)
(Tom: What is an alpine mountain goat?)

ibex

Tom
Triple Stumper
    $2000 6
intellectual property

Robert
    $2000 22
"Waltz Of The Snowflakes" (from The Nutcracker)

Triple Stumper

Scores at the end of the Double Jeopardy! Round:

Tom Robert Colette
$12,800 $16,000 $400

[wagering suggestions for these scores]

Final Jeopardy! Round responses

STATE MOTTOES
(Alex: This is a toughie.)
(Alex: One of them is obvious and easy, I would think. The other four, you have to work on.)
ColetteWhat are NM and LA?
$0
TomWhat are Hawaii and Louisiana?
$10,000
RobertWhat are Hawaii and Alaska?
$9,601
(2 of) Hawaii, Washington, Montana, Minnesota, or California

Final scores:

Tom Robert Colette
$2,800 $6,399 $400
2nd place: $2,000 New champion: $6,399 3rd place: $1,000

Game dynamics:

Coryat scores:

Tom Robert Colette
$16,800 $16,000 $1,400
30 R
(including 1 DD),
5 W
(including 1 DD)
17 R,
3 W
4 R,
3 W
(including 1 DD)

Combined Coryat: $34,200

The J! Archive is created by fans, for fans. The Jeopardy! game show and all elements thereof, including but not limited to copyright and trademark thereto, are the property of Jeopardy Productions, Inc. and are protected under law. This website is not affiliated with, sponsored by, or operated by Jeopardy Productions, Inc. Join the discussion at JBoard.tv.